MDQL
is popping MORE tags! Check the
thread
!
Quizzes
Events
Quiz Creation
Community
Videos
Private Events
Remove Ads
Sign In
Join for FREE
Feedback
Dark Mode
Quiz Categories
Sports
Geography
Music
Movies
Television
Just For Fun
Miscellaneous
History
Literature
Language
Science
Gaming
Entertainment
Religion
Holiday
For Kids
Quiz Lab
Recent
Popular Today
Quiz Kudos Today
Editor Picks
Curator Picks
Quizzes by...
Day
Popularity
Type
Ratings
Length
Year
Community
Subscriptions
Recent Discussions
Orange Saloon
Badges
Playlists
Quests
Create
Leaderboards
Showdown
Live 5
Trivia Bingo
Activity
Puzzle Library
Sporcle Events
Private Events
Virtual Trivia
Globe League
Become a Host
Pub Owners
SporcleCon
Opinionation
Our Games
Videos
Blog
Mobile Apps
Partnerships
Remove Ads and Go Orange
Feedback
Movies
Disney
Marvel Cinematic Universe
Movie Resume
Movie Titles
Oscar
Actor
Actress
Director
Pixar
Role
Movie Quotes
Movie Characters
Box Office
Nominee
Best Picture
Star Wars
James Bond
Horror Movies
Movies
Disney
Marvel Cinematic Universe
Movie Resume
Movie Titles
Oscar
Actor
Actress
Director
Pixar
Role
Movie Quotes
Movie Characters
Box Office
Nominee
Best Picture
Star Wars
James Bond
Horror Movies
Random Quiz
Search Sporcle
×
Quiz Lab
Quiz Lab
Movies
Clickable
Select answers by clicking on text or image buttons
Select answers by clicking on text or image buttons
Clickable
Best Score? Go Orange.
70s Best Picture Nominations Stats
Can you click on only the movies released in the 1970s that earned a Best Picture nomination at the Academy Awards?
By
SporcleEXP
3m
50 Questions
120 Plays
120 Plays
120 Plays
Comments
Comments
Give Quiz Kudos
Give Quiz Kudos
-
- Ratings
hide this ad
Random Order
Randomize order of answers
Randomize order of answers
Replay
Link that replays current quiz
Next Quiz
Link to next quiz in quiz playlist
You Got
0%
They Got
Avg Score
65%
Avg Friend Score
Upgrade to see
Score Distribution
Jump to the score distribution portion of the page
Score
0/50
Timer
03:00
0
Plays Today
% Correct
Annie Hall
85.8%
One Flew Over the Cuckoo's Nest
81.7%
The Godfather
80.8%
The Godfather Part II
80.8%
All the President's Men
80%
Network
80%
The French Connection
79.2%
The Deer Hunter
79.2%
The Sting
78.3%
Kramer vs Kramer
77.5%
Patton
76.7%
The Last Picture Show
76.7%
Cabaret
76.7%
Chinatown
76.7%
The Exorcist
75%
Taxi Driver
74.2%
Dog Day Afternoon
73.3%
Coming Home
73.3%
Rocky
72.5%
Apocalypse Now
72.5%
A Clockwork Orange
71.7%
M*A*S*H
69.2%
Fiddler on the Roof
69.2%
American Graffiti
69.2%
Jaws
68.3%
% Correct
Star Wars
68.3%
Love Story
65.8%
Norma Rae
65%
Deliverance
64.2%
The Goodbye Girl
63.3%
Midnight Express
63.3%
All That Jazz
63.3%
Five Easy Pieces
62.5%
Nashville
61.7%
The Conversation
60.8%
Breaking Away
59.2%
Airport
58.3%
Heaven Can Wait
55.8%
Barry Lyndon
55%
Julia
53.3%
The Towering Inferno
51.7%
The Turning Point
50.8%
Sounder
48.3%
A Touch of Class
48.3%
Nicholas and Alexandra
47.5%
Lenny
47.5%
An Unmarried Woman
46.7%
Cries and Whispers
45%
Bound for Glory
41.7%
The Emigrants
40%
Quiz Playlist
Details
Report
Send in Message
Add To Playlist
Clickable:
Select answers by clicking on text or image buttons
Random Order:
Randomize order of answers
Last Updated: Feb 16, 2017
Quiz Scoreboard
CHALLENGE
Sign Up to Join the Scoreboard
Show All
Scores
Hide
Comments
May contain spoilers
Recently Published
Find the 'City' Movie
by crazypaving
Movies
60s
5x2 Blitz: Bands
by SL_Kpop136
Music
30s
Colored Red Africa Blitz
by spor1
Geography
30s
More to Explore
Quiz From the Vault
Featured Blog Post
14 Easter Pick-up Lines to Find Eggs With
hide this ad
You Might Also Like...
Tags
Best Picture Quiz
Clickable Quiz
1970s
Academy
Academy Awards
Award
Earned
nomination
Released
Today's Top Quizzes in Movies
Browse Movies
hide this ad
Today's Top Quizzes in Clickable
Browse Clickable
Top Contributed Quizzes in Movies
1
Find The 'Big' Movie
2
Find The 'Wild' Movie
3
Find The 'Blue' Movie
4
Movies By Plot
5
Hidden Star Wars Character II
6
Hidden Star Wars Character III
7
Pick 5 Posters: Directed by Spielberg
8
Hidden Star Wars Character IV
9
Alfred Hitchcock Movies by Plot
10
Hidden Star Wars Character V
Explore More
Trending Topics
NBA
Kpop
Anime
Disney
Harry Potter
Marvel
Crossword
Pokémon
Country
Soccer
Puzzle
NFL
Song
The Office
WWE
hide this ad
More By:
SporcleEXP
Quiz
Plays
Rating
Category
Featured
Created
Harry Potter Deaths in Order Minefield
3,068,764
4.18
Literature
Jan 27, 2016
Sins, Dwarfs, and Spice Girls
847,321
4.42
Just For Fun
Apr 11, 2012
Ancient History Bunker
708,282
4.28
History
Jan 20, 2014
Movie Posters VI
679,084
4.37
Movies
Nov 12, 2010
Movie Posters VII
621,906
4.44
Movies
Apr 16, 2011
Go to Creator's Profile
Score Distribution
Quiz Creator Spotlight
SporcleEXP
Follow
Send a Message
Quizzes Created
-
Created Quiz Play Count
-
More By This Creator
Popular Quizzes Today
1
Colored Red Africa Blitz
2
Find the US States - No Outlines Minefield
3
Find the 'City' Movie
4
5x2 Blitz: Bands
5
The Countries of the World
6
Find the US States
7
US States
8
9x9 Crossword: Cartoon Network
More Movies Quizzes
MCU Film By 10th Cast Member
Quiz Lab
Trending Quizzes
Colored Red Europe Blitz I
Colored Red Europe Blitz II
Colored Red Africa Blitz II
Colored Red Africa Blitz III
Colored Red Europe Blitz III
Recently Updated
Godzilla Movies
pecheneg
Grab Bag: 4-10 Letters
pecheneg
2024 March Madness Bracket
pecheneg
Famous TV Couples
Peacemaker
Champions League XIs: Real Madrid
pecheneg
Largest US Cities 1790-2010
pecheneg
Rides in Walt Disney World
pecheneg
Most Oscar Losses (Acting)
pecheneg
Beyoncé Albums
pecheneg
Leaping Animals
pecheneg
Trending Topics
NBA
Marvel
Crossword
Kpop
Harry Potter
Disney
Anime
NFL
Puzzle
Soccer
Pokémon
Song
The Office
WWE
Country
Your Account Isn't Verified!
In order to create a playlist on Sporcle, you need to verify the email address you used during registration. Go to your
Sporcle Settings
to finish the process.
Report this User
Report this user for behavior that violates our
Community Guidelines
.
Details:
Send Report
Go to the Sporcle.com Mobile Site →
Comments